Assessment of physico-chemical properties, nutritional composition and heavy metal contents of selected maize (zea mays l.) varieties / (Record no. 18272)

MARC details
000 -LEADER
fixed length control field 01191nam a22002897a 4500
001 - CONTROL NUMBER
control field BD-DhSAU 9278
003 - CONTROL NUMBER IDENTIFIER
control field BD-DhSAU
005 - DATE AND TIME OF LATEST TRANSACTION
control field 20260209103459.0
008 - FIXED-LENGTH DATA ELEMENTS--GENERAL INFORMATION
fixed length control field 150613b2018 bg a|||| m||| 00| 0 eng d
040 ## - CATALOGING SOURCE
Original cataloging agency BD-DhSAU
082 ## - DEWEY DECIMAL CLASSIFICATION NUMBER
Edition number 22
Classification number 574.192
Item number Et41
100 ## - MAIN ENTRY--PERSONAL NAME
Personal name ETI MONI
Relator term Registration # 22010117
245 ## - TITLE STATEMENT
Title Assessment of physico-chemical properties,<br/>nutritional composition and heavy metal <br/>contents of selected maize (zea mays l.) varieties /<br/><br/>
Remainder of title MS thesis
260 ## - PUBLICATION, DISTRIBUTION, ETC. (IMPRINT)
Place of publication, distribution, etc. Sher-e-Bangla Agricultural University :
Name of publisher, distributor, etc. Department of Biochemistry and molecular biology,
Date of publication, distribution, etc. 2024.
300 ## - PHYSICAL DESCRIPTION
Extent vii, 69p. :
Other physical details ill. ;
Dimensions 30 cm.
500 ## - GENERAL NOTE
General note MS thesis of Department of Biochemistry and molecular biology, Faculty of Agriculture, Sher-e-Bangla Agricultural University, Dhaka, Bangladesh
504 ## - BIBLIOGRAPHY, ETC. NOTE
Bibliography, etc Includes bibliographical reference.
590 ## - Name of Cataloguer
Name of Cataloger Nazmul
650 ## - SUBJECT ADDED ENTRY--TOPICAL TERM
Topical term or geographic name as entry element physico-chemical properties,
650 ## - SUBJECT ADDED ENTRY--TOPICAL TERM
Topical term or geographic name as entry element heavy metal contents
651 ## - SUBJECT ADDED ENTRY--GEOGRAPHIC NAME
Geographic name maize (zea mays l.)
654 ## - SUBJECT ADDED ENTRY--FACETED TOPICAL TERM
Focus term fiber enriched pasta
700 ## - ADDED ENTRY--PERSONAL NAME
Personal name Prof. Dr. Mst. Farhana Nazneen Chowdhury
Relator term Superviser
700 ## - ADDED ENTRY--PERSONAL NAME
Personal name Dr. Md. Abdus Satter Miah
Relator term Co-superviser
942 ## - ADDED ENTRY ELEMENTS (KOHA)
Source of classification or shelving scheme Dewey Decimal Classification
Koha item type MS Level Thesis
Holdings
Withdrawn status Lost status Source of classification or shelving scheme Damaged status Not for loan Collection code Home library Branch Name Date acquired Total Checkouts Full call number Barcode Date last seen Price effective from Koha item type
    Dewey Decimal Classification   Not For Loan Reference SAU Library SAU Library 09/02/2026   574.192 Et41 46153 09/02/2026 09/02/2026 MS Level Thesis